000 00786cam a22002653a 4500
001 4607
003 PGUSA
005 20140828083059.0
008 031101s2003||||xxu|||||s|||||000 1 eng d
040 _aPGUSA
_beng
042 _adc
050 4 _aPR
100 1 _aReade, Charles,
_d1814-1884
245 1 0 _aLove Me Little, Love Me Long
_h[electronic resource] /
_cCharles Reade
260 _bProject Gutenberg,
_c2003
500 _aSequel: Hard Cash.
506 _aPublic domain in the USA.
516 _aElectronic text
653 _aEngland -- Social life and customs -- 19th century -- Fiction
653 _aCourtship -- Fiction
653 _aMate selection -- Fiction
830 0 _aProject Gutenberg
_v4607
856 4 0 _uhttp://www.gutenberg.org/ebooks/4607
942 _cEB
999 _c233936
_d233936